| 000 | 00392nam a2200157Ia 4500 | ||
|---|---|---|---|
| 999 |
_c9810 _d9810 |
||
| 020 | _a0700716335 | ||
| 082 | _a952 NAK-; | ||
| 100 | _aNakasone, Yasuhiro | ||
| 245 | 0 | _aJapan: a state strategy for the twenty-first century | |
| 260 |
_aLondon _bRoutledgeCurzon _c2002 |
||
| 300 | _a234p | ||
| 650 | _aJAPAN | ||
| 700 | _aHood, Christopher P. | ||
| 700 | _aConnors, Lesley | ||
| 942 |
_cBK _2ddc |
||